Leader xxxxxxxxxx
001 __ .b16892318
005 __ 19961023204007.0
008 __ chi
010 0_ |a957-8932-73-1|b平裝|d新臺幣250元
010 1_ |a9578932731|bpbk.|dNT$250
020 __ |acw|b85009975
100 __ |a19960906d1996 y0chiy09 e.
101 0_ |achi.
102 __ |acw.
105 __ |aa z 000fy.
200 1_ |a怪物童話|e|f張嘉驊著|g季青圖.
205 __ |a初版.
210 __ |a臺北市|c民生報出版|c聯經總經銷|d1996[民85]
215 0_ |a221面|c圖|d21公分.
225 1_ |a民生報兒童天地叢書.|v
225 1_ |a童話小屋|v6.
260 1_ |a1996.
681 __ |a859.4.
700 _1 |a張|b嘉驊.|4
702 _1 |a季青.
801 _0 |acw|bNCL|c19960906.
801 _1 |acw|bNCL|c19960906.
801 _2 |acw|bTUL|c19980624.
|